000 00320 a2200109 4500
001 ART_5633
005 20260410161617.0
008 260409a
245 1 0 _aEl destino de los Resultados de las Sociedades Anónimas
100 1 _aGarcía, Sergio O.
773 0 _tEnfoques
_g- Nº 5 (may. 2006)
_wREV416
999 _c11147
_d11147